000 00264 a2200133 4500
001 30065
010 _a26109
082 _a539NOR
090 _c20016
_d20016
100 _aNorwood
245 _a20th Century physics
260 _bPrentice Hall
856 _326109
942 _aNUST-CAE
_k539NOR
999 _c265138
_d265138